ბათუმის შოთა რუსთაველის სახელმწიფო უნივერსიტეტის ბიბლიოთეკა

ქართველურ ენათა შედარებითი ფონეტიკა I : (ბიბ.ჩანაწერი № 52473)

000 -ლიდერი
ფიქსირებული სიგრძის საკონტროლო ველი 01287nam a2200241Ia 4500
001 - საკონტროლო ნომერი
საკონტროლო ველი 19496
003 - საკონტროლო ნომრის იდენტიფიკატორი
საკონტროლო ველი GE_BSU
005 - ბოლო ოპერაციის თარიღი და დრო
საკონტროლო ველი 20200302203841.0
008 - ფიქსირებული სიგრძის მონაცემთა ელემენტები - ზოგადი ინფორმაცია
ფიქსირებული სიგრძის საკონტროლო ველი 181216s1960||||ge |||||||||||||| ||geo||
040 ## - კატალოგიზაციის წყარო
Transcribing agency GE_BSU
041 ## - ენის კოდი
Language code of text/sound track or separate title geo
080 ## - უნივერსალური ათობითი კლასიფიკაციის ინდექსი
Universal Decimal Classification number 811.353'342 ჟ-99
100 ## - მთავარი ჩანაწერი - პიროვნების სახელი
Personal name ჟღენტი, სერგი
9 (RLIN) 7678
245 ## - ცნობა სათაურის შესახებ
Title ქართველურ ენათა შედარებითი ფონეტიკა I :
Remainder of title მარცვლის აგებულების პრობლემა /
Statement of responsibility, etc სერგი ჟღენტი ; რედ. გ. ახვლედიანი.
264 ## - წარმოების, გამოცემის, დისტრიბუციის და სხვა ცნობები
გამოცემის, წარმოების, დისტრიბუციის... ადგილი თბილისი :
გამოცემის, წარმოების, დისტრიბუციის... სახელწოდება თბ. სახ. უნ-ტის გამ. და სტ.,
გამოცემის, წარმოების, დისტრიბუციის... თარიღი 1960.
300 ## - ფიზიკური აღწერა
Extent 260 გვ. ;
Dimensions 21 სმ.
490 ## - სერიის ცნობა
Series statement ზოგადი ენათმეცნიერების კათედრის შრომები
Volume number/sequential designation 4
653 ## - INDEX TERM--UNCONTROLLED
Uncontrolled term ქართველური ენების შედარებითი ფონეტიკა
653 ## - INDEX TERM--UNCONTROLLED
Uncontrolled term მარცვლის აგებულება ქართველურ ენებში
653 ## - INDEX TERM--UNCONTROLLED
Uncontrolled term ქართული ენა
700 ## - ADDED ENTRY--PERSONAL NAME
Personal name ახვლედიანი, გ.
Relator term რედაქტორი
9 (RLIN) 2910
942 ## - ADDED ENTRY ELEMENTS (KOHA)
Koha item type წიგნი
Source of classification or shelving scheme
ეგზემპლარები
ჩამოწერის სტატუსი დაკარგული ეგზემპლარის სტატუსი კლასიფიკაციის წყარო ან თაროზე გაწყობის სქემა დაზიანების სტატუსი არ გაიცემა მუდმივი მდებარეობა (დაცვის ადგილი) ამჟამინდელი ადგილსამყოფელი თაროზე განთავსების ადგილი შეძენის თარიღი ღირებულება, შესყიდვის ნორმალური ფასი სრული შენახვის შიფრი შტრიხკოდი ბოლო ოპერაციის თარიღი ეგზემპლარის მიმდევრობითი ნომერი (კეტერი?) ფასის ძალაში შესვლის თარიღი ეგზემპლარის სახეობა საჯარო შენიშვნა
          ბათუმის შოთა რუსთაველის სახელმწიფო უნივერსიტეტის მთავარი ბიბლიოთეკა ბათუმის შოთა რუსთაველის სახელმწიფო უნივერსიტეტის მთავარი ბიბლიოთეკა წიგნსაცავი 2018-12-17 1.60 811.353'342 ჟ-99 48524 2018-12-17 48525 2018-12-17 წიგნი 1.60 ლ.
          ბათუმის შოთა რუსთაველის სახელმწიფო უნივერსიტეტის მთავარი ბიბლიოთეკა ბათუმის შოთა რუსთაველის სახელმწიფო უნივერსიტეტის მთავარი ბიბლიოთეკა წიგნსაცავი 2018-12-17 1.60 811.353'342 ჟ-99 48525 2018-12-17 48525 2018-12-17 წიგნი 1.60 ლ.
          ბათუმის შოთა რუსთაველის სახელმწიფო უნივერსიტეტის მთავარი ბიბლიოთეკა ბათუმის შოთა რუსთაველის სახელმწიფო უნივერსიტეტის მთავარი ბიბლიოთეკა წიგნსაცავი 2018-12-17 5.00 811.353'342 ჟ-99 48526 2018-12-17 48526 2018-12-17 წიგნი 5.00 ლ
          ბათუმის შოთა რუსთაველის სახელმწიფო უნივერსიტეტის მთავარი ბიბლიოთეკა ბათუმის შოთა რუსთაველის სახელმწიფო უნივერსიტეტის მთავარი ბიბლიოთეკა წიგნსაცავი 2018-12-17 5.00 811.353'342 ჟ-99 51652 2018-12-17 51652 2018-12-17 წიგნი 5.00 ლ.